00525nam a2200193 a 4500001001300000003000900013005001700022008004100039020002300080082001300103100002300116245002900139260004400168300000900212500003500221505002900256650002300285700002300308nice12345678IN_TiNIC20260116012248.0050524s1979 newa grp 000 0 eng  a051727 c10000a229bSCH aSchepps, Solomon J aLost Books of the Bible. aNew YorkbBell Publishing Companyc1979 a293p aincludes index and biblioraphy2 aGlossary of Arabic terms aApocryphal Gospels1 aSchepps, Solomon J